• 首页
  • 本馆介绍
  • 公告通知
  • 最新文献
  • 馆藏检索
  • 电子资源
  • 读者导购
  • 参考咨询
  • 我的图书馆
  • 登录
  • 详细信息显示
  • 放入我的书架
  • 预约/预借图书
  • 作者相关作品
  • 分类相关作品
  • 丛书相关作品
  • 出版社相关作品

书目信息

  • 表格格式
  • 工作单格式
  • 卡片格式
题名:
2012年会计专业技术资格考试经典题解及过关演练
    
 
作者: 田明 编著
分册:   中级财务管理
出版信息: 北京   北京大学出版社  2011
页数: 307页
开本: 26cm
丛书名:
单 册:
中图分类: F23-44 , F275-44
科图分类:
主题词: 会计--资格考试--题解 , 财务管理--资格考试--题解 , 会计 , 财务管理
电子资源:
ISBN: 978-7-301-19559-8
000 01088nam0 2200301 450
001 523
005 20140908163500.03
010    @a978-7-301-19559-8@dCNY36.00
100    @a20120615d2011 em y0chiy50 ea
101 0  @achi
102    @aCN@b110000
105    @ay z 000yy
106    @ar
200 1  @a2012年会计专业技术资格考试经典题解及过关演练@A2012 Nian Hui Ji Zhuan Ye Ji Shu Zi Ge Kao Shi Jing Dian Ti Jie Ji Guo Guan Yan Lian@i中级财务管理@IZhong Ji Cai Wu Guan Li@f田明编著@FTian Ming Bian Zhu
210    @a北京@c北京大学出版社@d2011
215    @a307页@d26cm
300    @a全国会计专业技术资格考试辅导用书——轻松过关 2
304    @a东奥会计在线组编
330    @a本书共五部分,内容包括:命题特点与学习方法、考点精讲及经典题解、应试技巧及解题思路点拨、过关提高演练、过关冲刺演练。
606 0  @a会计@x资格考试@j题解
606 0  @a财务管理@x资格考试@j题解
606 0  @a会计
606 0  @a财务管理
690    @aF23-44@v5
690    @aF275-44@v5
701  0 @a田明@ATian Ming@c(财务会计)@4编著
801  0 @aCN@bTANGWEI@c20140603
905    @b0838687-89@dF23-44@e426@f3
    
    2012年会计专业技术资格考试经典题解及过关演练.中级财务管理/田明编著.-北京:北京大学出版社,2011
    307页;26cm
    全国会计专业技术资格考试辅导用书——轻松过关 2
    
    ISBN 978-7-301-19559-8:CNY36.00
    本书共五部分,内容包括:命题特点与学习方法、考点精讲及经典题解、应试技巧及解题思路点拨、过关提高演练、过关冲刺演练。
●
相关链接 在E读中查询图书 在五车中查询图书 在当当中查询图书 在豆瓣中查询图书


正题名:2012年会计专业技术资格考试经典题解及过关演练     索取号:F23-44/426         预约/预借

序号 登录号 条形码 馆藏地/架位号 状态 备注
1 0838687   208386879   第一样本阅览室/ [索取号:F23-44/426] 在馆    
2 0838688   208386888   密集书库-海洋学院/ [索取号:F23-44/426] 在馆    
3 0838689   208386897   第一借阅区/ [索取号:F23-44/426] 在馆    
唐山师范学院图书馆 欢迎您!
大连网信软件有限公司© 版权所有